[Event "BL 2017-18"]
[Site "Germany"]
[Date "2018.03.10"]
[Round "11"]
[White "Tomczak, Jacek"]
[Black "Hertneck, Gerald"]
[Result "1-0"]
[WhiteElo "2579"]
[BlackElo "2488"]
[Annotator "TA"]
[PlyCount "95"]
[EventDate "2018.05.24"]
[EventType "team-tourn"]
[EventCountry "GER"]
[SourceTitle "playchess.com"]
[Source "ChessBase"]
[SourceQuality "1"]
[WhiteTeam "SFR Berlin"]
[BlackTeam "Zugzwang Muenchen"]

{[%evp 30,95,89,107,104,103,100,105,72,69,85,25,69,0,35,37,27,54,8,0,0,0,0,0,244,247,294,291,287,0,0,0,274,262,350,346,783,487,536,537,576,606,619,600,647,647,668,0,430,0,519,685,664,564,2479,2889,29953,29961,29964,29966,29968,29963,29963,29965,29966,29969,29956,7702]} 1. e4 e6 2. d4 d5 3. Nc3 Bb4 4. e5 Ne7 5. a3 Bxc3+ 6. bxc3 c5 7. Qg4 Qc7 8. Qxg7 Rg8 9. Qxh7 cxd4 10. Kd1 Nbc6 11. Nf3 Nxe5 12. Bf4 {C18: French: 3 Nc3 Bb4: Main line: 7 h4 and 7 Qg4} Qxc3 13. Nxe5 Qxa1+ 14. Bc1 d3 15. Qxf7+ Kd8 16. Qf6 $1 {LiveBook: 3 Games} dxc2+ 17. Kxc2 {Black must now prevent Nf7+.} (17. Kd2 Qd4+ 18. Bd3 Qc5 19. Ke2 Bd7 {1-0 (33) Perunovic,M (2624)-Edouard,R (2632) Reykjavik 2015}) 17... Qa2+ 18. Bb2 Bd7 19. Nf7+ Ke8 20. Nd6+ $146 Kd8 21. Nxb7+ (21. Bd3 $14) 21... Ke8 22. Be2 {White threatens Bh5+ and mate.} Ba4+ 23. Kd2 Rc8 $132 {[%mdl 2048] Black has counterplay} 24. Nd6+ Kd7 {aiming for ...Rc2+.} 25. Nxc8 Rxc8 26. Bd3 {Hoping for Ra1.} ({Not} 26. Rc1 $2 Rb8 $19) 26... Rf8 $2 {[#]} (26... Rb8 $11 27. Rb1 Nc6) 27. Qd4 $1 $18 {[%cal Rd4a4]} Nc6 28. Qg7+ Ne7 29. Qd4 (29. Qxf8 Qxb2+ 30. Ke3 d4+ 31. Kf3 Qxa3 $15) 29... Nc6 $1 {[%cal Rc6d4]} 30. Qg7+ Ne7 {[#]} 31. Rb1 $1 ({Inferior is} 31. Qxf8 Qxb2+ 32. Ke3 d4+ 33. Kf3 Qxa3 $15) 31... Rxf2+ 32. Ke3 Rxb2 $2 (32... Rc2 33. Bxc2 Bxc2) 33. Qxb2 Qxb2 34. Rxb2 {[%mdl 4096] Endgame KRB-KBN} e5 35. Rb7+ Kd6 36. Rxa7 Bc6 37. Ra6 Kc5 38. Ra7 Kd6 $1 39. Ra6 Kc5 $1 40. h4 {[%cal Bh2h4,Bh4h5,Bh5h6][%mdl 32]} e4 {[#]} 41. Rxc6+ $1 Kxc6 {[#]} 42. Bxe4 $1 {[%mdl 512]} dxe4 43. Kxe4 {KN-K3P. White mates.} Kd6 44. a4 Nc6 45. h5 Ke6 46. g4 {[%cal Bg2g4,Bg4g5][%mdl 32]} (46. h6 Kf6 $18) 46... Na5 47. h6 Kf6 {[#]} 48. g5+ $1 {[%mdl 512] Precision: White = 87%, Black = 52%.} 1-0

[Event "BL 2017-18"]
[Site "Germany"]
[Date "2018.03.10"]
[Round "11"]
[White "Spoelman, Wouter"]
[Black "Yankelevich, Lev"]
[Result "1-0"]
[WhiteElo "2578"]
[BlackElo "2446"]
[Annotator "TA"]
[PlyCount "49"]
[EventDate "2018.05.24"]
[EventType "team-tourn"]
[EventCountry "GER"]
[SourceTitle "playchess.com"]
[Source "ChessBase"]
[SourceQuality "1"]
[WhiteTeam "Werder Bremen"]
[BlackTeam "Speyer"]

{[%evp 13,49,0,17,19,14,17,215,206,195,220,254,254,248,246,287,280,280,289,314,307,314,310,287,186,197,216,899,900,1029,1016,1313,1301,3041,3086,29988,1808,29989,29990]} 1. c4 e5 2. Nc3 Nf6 3. Nf3 Nc6 4. e3 Bb4 5. Qc2 Bxc3 6. Qxc3 Qe7 7. b3 {A28: English Opening: Four Knights Variation} (7. Be2 d5 8. d4 exd4 9. Nxd4 Nxd4 10. Qxd4 c5 11. Qh4 dxc4 12. Bxc4 Be6 13. Be2 Nd5 14. Bb5+ Kf8 15. Qe4 Bd7 16. Qc4 Be6 17. Qe4 Bd7 18. Qc4 Be6 {½-½ (18) Giri,A (2775)-Aronian,L (2809) Geneva 2017}) 7... d5 {LiveBook: 7 Games} 8. d4 {[%cal Rf3e5]} exd4 9. Nxd4 {The position is equal.} Ne4 $146 (9... Ne5 $11) ({Predecessor:} 9... Nxd4 10. Qxd4 c5 11. Qf4 Nh5 12. Qf3 Qe5 13. Rb1 Qf5 14. Rb2 Qxf3 15. gxf3 {1-0 (55) Spoelman,W (2586)-Gurevich,V (2475) Germany 2017}) 10. Nxc6 $18 bxc6 11. Qxg7 Qb4+ {[#]} 12. Ke2 $1 {[%cal Be1e2,Be2f2,Bf2g1,Bg1h2][%mdl 32]} ({Weaker is} 12. Kd1 Rf8 $14) 12... Rf8 13. f3 Nc3+ 14. Kf2 Nd1+ {[#]} 15. Kg1 $1 f6 16. Qxc7 Bd7 {Threatens to win with ...Qc3.} 17. Qf4 {Qd4 is the strong threat.} Qe1 {[%csl Gd1][%cal Re1f2]} 18. h4 {[%cal Bh2h4,Bh4h5][%mdl 32] Hoping for cxd5.} (18. Qg3 $2 Qc3 $19) 18... Rg8 {( -> ...Rxg2+!)} 19. Kh2 {Black must now prevent Bb2!} Kf7 $2 {[#]} (19... Qf2) 20. Bb2 $1 {[%mdl 512]} Rg6 {[#]} (20... Nxb2 21. Rxe1) 21. Rxd1 $1 Qxd1 22. h5 Rh8 23. Qc7 Ke6 24. cxd5+ (24. Ba3 $142 Ra8 25. Qd6+ Kf5 26. g4+ Rxg4 27. Qxd7+ Kg5 28. Qg7+ Kf5 29. Qxh7+ Ke5 30. Qe7+ Kf5 31. Qd7+ Kg5 32. Qxg4+ Kh6 33. Qg6#) 24... cxd5 25. Ba3 {Precision: White = 88%, Black = 25%.} 1-0

[Event "BL 2017-18"]
[Site "Germany"]
[Date "2018.03.10"]
[Round "11"]
[White "Schroeder, Jan-Christian"]
[Black "Van Kampen, Robin"]
[Result "1/2-1/2"]
[WhiteElo "2556"]
[BlackElo "2646"]
[Annotator "TA"]
[PlyCount "40"]
[EventDate "2018.05.24"]
[EventType "team-tourn"]
[EventCountry "GER"]
[SourceTitle "playchess.com"]
[Source "ChessBase"]
[SourceQuality "1"]
[WhiteTeam "SV Hofheim"]
[BlackTeam "Solingen"]

{[%evp 14,40,16,16,22,23,9,18,27,18,19,19,25,16,10,0,0,0,0,0,0,0,9,8,9,8,8,7,9]} 1. e4 e6 2. d4 d5 3. Nd2 c5 4. Ngf3 cxd4 5. Nxd4 Nf6 6. exd5 Qxd5 7. Nb5 {C07: French Tarrasch: 3...c5, 4 Ngf3 and 4 exd5 Qxd5} Qd8 8. Nc4 {LiveBook: 3 Games. Threatens to win with Qxd8+.} (8. Bd3 a6 9. Nc3 Nc6 10. O-O Ne5 11. Be2 b5 12. Nf3 Qxd1 13. Rxd1 Nc6 14. Bf4 Bb7 {0-1 (53) Vachier Lagrave,M (2796)-Caruana,F (2808) Paris 2017}) 8... Nd5 9. Ne3 {White wants to play Nxd5.} a6 $146 ({Predecessor:} 9... Nc7 10. Bd2 Nxb5 11. Bxb5+ Bd7 12. Bxd7+ Qxd7 13. Qg4 Nc6 14. O-O-O Qd4 {1-0 (27) Adams,M (2630)-Levitt,J (2460) Dublin 1993}) 10. Nxd5 exd5 11. Nd4 Nc6 12. Be3 Qf6 13. c3 Bc5 {The position is equal.} 14. Be2 (14. Nxc6 {is interesting.} Bxe3 15. fxe3 bxc6 16. Qd4 Qxd4 17. exd4 Bf5 18. Kd2) 14... Nxd4 15. Bxd4 Bxd4 16. Qxd4 Qxd4 17. cxd4 Be6 18. Rc1 Kd7 19. Kd2 Rhc8 20. Bd3 Kd6 1/2-1/2

[Event "BL 2017-18"]
[Site "Germany"]
[Date "2018.03.10"]
[Round "11"]
[White "Handke, Florian"]
[Black "Howell, David W L"]
[Result "0-1"]
[WhiteElo "2533"]
[BlackElo "2682"]
[Annotator "TA"]
[PlyCount "88"]
[EventDate "2018.05.24"]
[EventType "team-tourn"]
[EventCountry "GER"]
[SourceTitle "playchess.com"]
[Source "ChessBase"]
[SourceQuality "1"]
[WhiteTeam "Aachen"]
[BlackTeam "Hockenheim"]

{[%evp 19,88,14,24,0,0,0,0,-24,-19,-27,-32,-29,8,0,8,9,8,-73,-73,-74,-85,-81,-81,-81,-81,-134,-127,-117,-106,-142,-111,-130,-105,-109,-83,-173,-196,-229,-188,-318,-316,-308,-264,-1389,-1387,-1742,-1751,-1640,-1600,-2213,-2196,-29982,0,-1639,0,-29979,-1738,-1675,-1631,-1580,-1042,-29975,-1574,-29991,-29992,-29992,-29993,-29993,-29994,-29997,-29998]} 1. e4 e5 2. Nf3 Nc6 3. Bb5 a6 4. Ba4 Nf6 5. d3 d6 6. c3 g6 7. O-O Bg7 8. Re1 O-O 9. h3 Re8 {C77: Ruy Lopez: 3...a6 4 Ba4 Nf6, unusual lines} (9... Nb8 10. d4 Nbd7 11. Bc2 c6 12. Be3 Qc7 13. Nbd2 b5 14. b4 a5 15. dxe5 Nxe5 16. Nxe5 dxe5 17. Nb3 axb4 18. cxb4 {½-½ (63) Zhao,J (2613)-Ding,L (2757) Xinghua 2015}) 10. Nbd2 b5 {LiveBook: 5 Games} 11. Bb3 Na5 {The position is equal.} 12. Bc2 c5 13. a4 $146 {axb5 is the strong threat.} ({Find the theoretical novelty and annotate with similar games:} 13. Nf1 d5 14. Ng3 Bb7 15. b4 cxb4 16. cxb4 dxe4 17. Nxe4 Nxe4 18. dxe4 {0-1 (50) Cuadras Avellana,J (2300)-Satyapragyan,S (2462) Sitges 2016}) 13... Bb7 14. Nh2 d5 15. Ng4 Nh5 16. axb5 axb5 17. exd5 Qxd5 {[%csl Gb7][%cal Rd5g2]} 18. Ne4 (18. Nf3 $11) 18... f5 $17 19. Ne3 Qc6 20. Nxc5 Qxc5 21. b4 Qxc3 22. Bd2 (22. Rxa5 $142 Rxa5 23. bxa5) 22... Qc6 $1 23. Rc1 Kh8 {Hoping for ...f4.} 24. Bb1 Qd7 {Strongly threatening ...Nc6.} 25. bxa5 Nf4 26. Qb3 Red8 27. Rc5 (27. Kh2 $17 {was called for.}) 27... Ne6 $1 $19 {[%cal Re6c5,Bf4e6,Be6d4,Bd4f3][%mdl 32]} ({But not} 27... Nxd3 $6 28. Bxd3 Qxd3 29. Qxd3 $15) 28. Rcc1 Nd4 29. Qb4 (29. Qd1 {is a better defense.}) 29... f4 30. Ng4 Qd5 $1 {[%csl Gb7][%cal Rd5g2]} 31. f3 $2 {[#]} (31. Re4 Ne2+ 32. Kf1 Nxc1 33. Bxc1) 31... Nxf3+ $1 {[%mdl 512]} 32. gxf3 Qxf3 {[%csl Gb7][%cal Rf3g2]} 33. Re4 Rd4 34. Qb2 Qg3+ 35. Kh1 Qf3+ (35... Rad8 $142 36. Rce1 Bxe4+ 37. Rxe4 Qf3+ 38. Kh2 Rxe4 39. Be3 fxe3 40. Nf6 Bxf6 41. Qg2 Qf4+ 42. Qg3 Qxg3+ 43. Kxg3 {[#]} e2 $1 {[%mdl 512]} 44. Kf3 e1=Q 45. Kg2 Re2+ 46. Kf3 Qf1+ 47. Kg4 Qg2#) 36. Kg1 {If only White now had time for Bc3....} Qg3+ $40 {[%mdl 128] Black is up to no good.} (36... Bxe4 $19 37. dxe4 Qg3+ 38. Kf1 Qxh3+ 39. Kf2 Rad8 40. Qxd4 exd4) 37. Kh1 Qxh3+ (37... Rad8 $142 38. Rce1 Qf3+ 39. Kg1 Bxe4 40. Rxe4 Rxe4 41. Qc1 Qg3+ 42. Kh1 Qxh3+ 43. Nh2 Re2 44. Qg1 f3 45. d4 Rg2 46. dxe5 Rxg1+ 47. Kxg1 Qg2#) 38. Nh2 Rxd3 39. Rce1 Rad8 40. Bb4 R8d4 (40... Bxe4+ $142 41. Rxe4 Rd1+ 42. Re1 Rxe1+ 43. Bxe1 Rd1 44. Qf2 Rxb1 45. Qf1 Qxf1+ 46. Nxf1 Rxe1 47. Kg2 e4 48. a6 Bd4 49. Nd2 Re2+ 50. Kh1 Rxd2 51. a7 Rd1+ 52. Kg2 Rg1+ 53. Kh2 Bxa7 54. Kh3 e3 55. Kh2 e2 56. Kh3 e1=Q 57. Kh2 Qh4#) 41. a6 Bxe4+ {Black mates.} 42. Rxe4 Rd1+ 43. Re1 {[#]} Rxb4 $1 44. Qxb4 {[#]} f3 $1 {[%mdl 512] Precision: White = 39%, Black = 64%.} 0-1

[Event "BL 2017-18"]
[Site "Germany"]
[Date "2018.03.10"]
[Round "11"]
[White "Ruck, Robert"]
[Black "Werle, Jan"]
[Result "1-0"]
[WhiteElo "2521"]
[BlackElo "2532"]
[Annotator "TA"]
[PlyCount "81"]
[EventDate "2018.05.24"]
[EventType "team-tourn"]
[EventCountry "GER"]
[SourceTitle "playchess.com"]
[Source "ChessBase"]
[SourceQuality "1"]
[WhiteTeam "Speyer"]
[BlackTeam "Werder Bremen"]

{[%evp 16,81,56,51,69,15,50,20,25,20,40,45,42,31,43,36,47,45,37,26,51,31,46,41,48,31,100,94,127,123,119,120,206,72,74,79,71,65,173,170,171,168,169,158,175,177,187,136,141,132,149,141,136,115,469,96,105,109,133,112,151,83,496,478,650,640,645,625]} 1. Nf3 f5 2. g3 Nf6 3. Bg2 g6 4. d4 Bg7 5. b3 O-O 6. Bb2 d6 7. O-O c6 8. Nbd2 Qc7 9. Re1 {LiveBook: 7 Games. A81: Dutch Defence: 2 g3} (9. Qe1 a5 10. e4 fxe4 11. Nxe4 a4 12. Nxf6+ Bxf6 13. Qd2 Qa5 14. Qxa5 Rxa5 15. b4 Rf5 16. Rae1 Bg7 {½-½ (127) Raznikov,D (2465)-Nakamura,H (2786) Eilat 2012}) 9... Ne4 10. e3 (10. Nxe4 $14 fxe4 11. Ng5) 10... Na6 11. Qe2 $146 {White is slightly better.} ({Predecessor:} 11. a3 Bd7 12. Qe2 Rae8 13. Rad1 Bc8 14. Nb1 e5 15. b4 Qf7 16. c4 Be6 17. Rc1 exd4 18. Bxd4 Nc7 {½-½ (18) Bodiroga,P (2342)-David,A (2584) Loutraki 2015}) 11... Nxd2 12. Qxd2 e5 13. dxe5 dxe5 14. Rad1 e4 15. Bxg7 Qxg7 16. Nd4 $1 Nc7 17. Bf1 Kh8 18. Qa5 b6 19. Qa3 Bb7 20. Rd2 Qe5 (20... c5 $14 21. Ne2 Ne6) 21. Red1 a6 22. Ne2 c5 23. b4 Ne6 (23... c4 $16 {was worth a try.}) 24. bxc5 (24. Rd6 $18) 24... Nxc5 $16 25. Qb4 Rf6 26. Nf4 Raf8 (26... Kg7 $14) 27. Rd8 $18 Rxd8 28. Rxd8+ Kg7 29. Qd4 $1 {[%cal Rd4e5]} ({Inferior is} 29. Qc4 Rf8 $11) 29... Qe7 30. Bc4 Kh6 31. h4 (31. Re8 $18 Qd6 32. Ne6 Qxd4 33. exd4 Nxe6 34. Bxe6) 31... Bc6 $16 32. Nh3 Nd7 33. Rh8 Rd6 34. Qc3 $36 {[%mdl 2048] aiming for Ng5. White is on the roll.} Rd1+ $2 {[%mdl 8192] [#]} (34... Nf6 $16 {is a better chance.}) 35. Kg2 $2 (35. Kh2 $1 $18 {and the rest is easy.}) 35... Ne5 {[#]} 36. Be2 $1 {[%cal Re2d1]} Rd3 37. Qa1 {Threatens to win with Ng5.} ({Don't play} 37. Bxd3 $6 exd3+ 38. Kf1 Qg7 $11) 37... Kg7 38. Rb8 (38. Rc8 $142 Bb7 39. Rb8) 38... Qc7 $2 {[%mdl 8192]} (38... Rd2 $16 39. Nf4 Rxc2) 39. Rxb6 $18 {White is clearly winning.} Qxb6 40. Qxe5+ Kf8 41. Ng5 {Precision: White = 67%, Black = 32%.} ({Weaker is} 41. cxd3 exd3+ 42. Bf3 Bxf3+ 43. Kxf3 Qc6+ 44. e4 fxe4+ 45. Kg2 e3+ 46. Kh2 d2 $11) 1-0

[Event "BL 2017-18"]
[Site "Germany"]
[Date "2018.03.10"]
[Round "11"]
[White "Markgraf, Rolf-Alexander"]
[Black "Kovacs, Gabor"]
[Result "1/2-1/2"]
[WhiteElo "2514"]
[BlackElo "2461"]
[Annotator "TA"]
[PlyCount "53"]
[EventDate "2018.05.24"]
[EventType "team-tourn"]
[EventCountry "GER"]
[SourceTitle "playchess.com"]
[Source "ChessBase"]
[SourceQuality "1"]
[WhiteTeam "Werder Bremen"]
[BlackTeam "Speyer"]

{[%evp 13,53,11,12,10,21,22,50,29,64,18,23,13,18,12,24,11,12,10,12,0,1,-16,-14,-10,0,-4,0,0,0,-22,-25,-24,-23,-20,-18,-14,-17,-19,0,-8,0,0]} 1. e4 e5 2. Nf3 Nf6 3. Nxe5 d6 4. Nf3 Nxe4 5. Nc3 Nf6 6. d4 Be7 7. Bg5 {C42: Petroff Defence: 3 Nxe5 and unusual White 3rd moves} h6 {LiveBook: 5 Games} 8. Be3 c6 9. Bd3 $146 ({Find the theoretical novelty and annotate with similar games:} 9. Qd2 Be6 10. Bd3 Nbd7 11. O-O Nb6 12. Rfe1 Nc4 13. Bxc4 Bxc4 14. h3 O-O {½-½ (40) Giri,A (2772)-Motylev,A (2675) Tbilisi 2017}) 9... Be6 10. Ne2 Nbd7 11. Nf4 Bf5 12. O-O Bxd3 13. Qxd3 d5 14. Rfe1 O-O 15. Nh4 Re8 16. Nf5 Bf8 17. Ne2 Ne4 18. Neg3 Qf6 19. f3 Nxg3 20. Nxg3 Bd6 21. Re2 Re6 22. Rae1 Rae8 23. Bf2 Rxe2 {The position is equal.} 24. Rxe2 Rxe2 25. Nxe2 Qe7 26. Qe3 Kf8 27. Qxe7+ {Precision: White = 60%, Black = 67%.} 1/2-1/2

[Event "BL 2017-18"]
[Site "Germany"]
[Date "2018.03.10"]
[Round "11"]
[White "Jakubowski, Krzysztof"]
[Black "Hoffmeyer, Falk"]
[Result "1/2-1/2"]
[WhiteElo "2512"]
[BlackElo "2345"]
[Annotator "TA"]
[PlyCount "113"]
[EventDate "2018.05.24"]
[EventType "team-tourn"]
[EventCountry "GER"]
[SourceTitle "playchess.com"]
[Source "ChessBase"]
[SourceQuality "1"]
[WhiteTeam "SFR Berlin"]
[BlackTeam "Zugzwang Muenchen"]

{[%evp 22,113,-2,-8,-5,-10,0,-52,-24,-60,-13,-35,-41,-73,-81,-72,-70,-135,-124,-106,-133,-124,-90,-66,-86,-111,-100,-154,-127,-189,-181,-172,-71,-109,-120,-138,-54,-87,-100,-141,-42,-24,-21,-29,-25,-26,-26,-47,0,0,0,-95,0,-105,-105,-112,0,-30,-8,-8,-8,-34,-27,-21,-27,-37,-45,-50,-11,-11,-11,-11,-11,-18,-18,-27,0,0,0,0,0,0,0,0,0,0,0,0,0,0,0,0,0,0]} 1. c4 e6 2. Nf3 d5 3. e3 Nf6 4. b3 Be7 5. Bb2 O-O 6. g3 c5 7. Bg2 Nc6 8. O-O b6 9. Qe2 Bb7 10. d3 Qc7 11. Nbd2 Rfd8 12. a3 {LiveBook: 6 Games} a5 $146 {[%cal Ba7a5,Ba5a4][%mdl 32] A14: English Opening: 1...e6 with b3 by White} 13. cxd5 exd5 14. Nh4 (14. e4 $11) 14... Ne8 {Black is slightly better.} 15. f4 Bf6 16. Bxf6 Nxf6 17. g4 a4 18. g5 Ne8 19. Rfb1 (19. Rab1 $15) 19... d4 $1 $17 20. Nf5 dxe3 21. Qxe3 Nd6 22. Nxd6 Rxd6 23. bxa4 Re6 24. Qf2 (24. Ne4 $142) 24... Nd4 (24... Rxa4 25. Re1 $15) 25. Re1 (25. Ne4 $17 {was called for.}) 25... Bxg2 $19 ({Resist} 25... Rxa4 26. f5 $15) 26. Kxg2 Rae8 ({Don't do} 26... Rxe1 27. Rxe1 Qd7 28. a5 $1 $17 {[%mdl 512]}) (26... Rxa4 $19 27. Ne4 Qc6) 27. Rxe6 Nxe6 (27... fxe6 $6 28. a5 $1 $11 {[%mdl 512]}) 28. Rf1 Nd4 (28... Qc6+ $17 29. Ne4 Rd8) 29. Re1 {[%cal Re1e8]} Qc6+ ({But not} 29... Rxe1 $6 30. Qxe1 Qd7 31. Qe4 $11) 30. Kh3 h6 (30... Rd8 $17 31. Re4 Qxa4) 31. Rxe8+ $15 Qxe8 32. gxh6 Qe6+ 33. Kg2 Qxh6 34. Qe3 {With the idea Qe8+.} Qc6+ 35. Qe4 Qxa4 36. Nc4 (36. Nf3 $11) 36... Qd7 (36... f5 $17 37. Qe3 Qc6+ 38. Kg3 Qg6+ 39. Kf2 Qh6) 37. h3 {[#]} (37. Nxb6 $11 Qg4+ 38. Kf2) 37... b5 $1 $17 {[%cal Rb5c4]} 38. Ne3 Qc6 (38... f5 $17 39. Qe5 Qc6+ 40. Qd5+ Qxd5+ 41. Nxd5 Nc2 42. Ne7+ Kf7 43. Nxf5 Nxa3) 39. Nd5 (39. Qxc6 {is interesting.} Nxc6 40. Kf3 Kf8 41. Ke4 b4 42. a4) 39... Qg6+ (39... Qe6 {seems wilder.} 40. Qxe6 fxe6 41. Nb6 Ne2 42. Kf3 Nc3) 40. Qxg6 fxg6 $11 {[%mdl 4096] Endgame KN-KN} 41. Nc3 b4 42. axb4 cxb4 43. Na4 $1 Kf7 {Strongly threatening ...Ke6.} 44. Kf2 Kf6 {And now ...Kf5 would win.} 45. Ke3 Ne6 {...Kf5 is the strong threat.} 46. Ke4 g5 47. f5 Nf4 48. h4 $1 Nxd3 (48... Nh3 {is more complex.} 49. hxg5+ Nxg5+ 50. Kd4 Nf3+ 51. Kc4 Ne5+) 49. hxg5+ {The position is equal.} Kxg5 {White must now prevent ...Nf2+.} 50. Kxd3 Kxf5 {KN-KPP} 51. Ke3 Kg4 52. Kf2 Kh3 53. Kg1 Kg3 54. Nc5 Kf3 55. Nb3 Ke3 56. Kg2 Kd3 57. Kg3 {Precision: White = 42%, Black = 43%.} 1/2-1/2

[Event "BL 2017-18"]
[Site "Germany"]
[Date "2018.03.10"]
[Round "11"]
[White "Santos Ruiz, Miguel"]
[Black "Buhmann, Rainer"]
[Result "1/2-1/2"]
[WhiteElo "2505"]
[BlackElo "2597"]
[Annotator "TA"]
[PlyCount "56"]
[EventDate "2018.05.24"]
[EventType "team-tourn"]
[EventCountry "GER"]
[SourceTitle "playchess.com"]
[Source "ChessBase"]
[SourceQuality "1"]
[WhiteTeam "Aachen"]
[BlackTeam "Hockenheim"]

{[%evp 14,56,33,37,44,38,42,21,36,4,17,25,64,46,44,31,32,31,24,36,31,18,37,45,79,70,91,60,86,87,66,75,100,98,85,80,73,53,36,22,38,28,27,27,10]} 1. c4 e6 2. Nc3 d5 3. d4 Bb4 4. cxd5 exd5 5. Bf4 c6 6. e3 {D31: Queen's Gambit Declined: Semi-Slav without ...Nf6 (+ Marshall Gambit and Noteboom) and Exchange Variation lines without ...Nf6} Ne7 7. h4 {[%cal Bh2h4,Bh4h5][%mdl 32]} Bd6 8. Qf3 {LiveBook: 3 Games. White is slightly better.} a5 9. h5 h6 10. Bd3 $146 ({Predecessor:} 10. g4 Na6 11. Nh3 Nc7 12. g5 Bxf4 13. Qxf4 Ne6 14. Qg3 hxg5 {½-½ (41) Khismatullin,D (2651)-Jojua,D (2581) Minsk 2017}) 10... Na6 11. Nge2 Nb4 12. Bb1 O-O 13. g4 f6 14. a3 Na6 15. Qg3 Bxf4 16. exf4 Qd6 17. Rg1 $36 {[%mdl 2048] White has some pressure.} Nc7 18. f5 Qd8 19. Bc2 b5 20. O-O-O b4 {[#] Hoping for ...Ba6.} 21. Na4 bxa3 22. Qxa3 Nb5 23. Qg3 Re8 24. Rge1 Bd7 25. Bd3 Nc8 26. Bxb5 cxb5 27. Nc5 Nb6 28. Kb1 b4 {Precision: White = 76%, Black = 54%.} 1/2-1/2

[Event "BL 2017-18"]
[Site "Germany"]
[Date "2018.03.10"]
[Round "11"]
[White "Kindermann, Stefan"]
[Black "Mista, Aleksander"]
[Result "1-0"]
[WhiteElo "2502"]
[BlackElo "2575"]
[Annotator "TA"]
[PlyCount "131"]
[EventDate "2018.05.24"]
[EventType "team-tourn"]
[EventCountry "GER"]
[SourceTitle "playchess.com"]
[Source "ChessBase"]
[SourceQuality "1"]
[WhiteTeam "Zugzwang Muenchen"]
[BlackTeam "SFR Berlin"]

{[%evp 13,131,19,35,18,53,46,85,103,161,59,114,80,169,168,165,158,150,158,126,118,381,382,374,378,343,375,371,351,367,222,202,189,195,144,233,74,322,201,287,287,280,285,286,286,251,284,309,295,281,259,290,282,306,298,370,367,333,314,384,379,367,323,324,321,313,275,346,306,357,348,391,351,365,354,317,394,387,373,568,487,464,451,417,379,645,625,629,582,486,477,621,576,708,708,782,781,799,761,777,660,835,835,803,791,731,720,643,560,902,897,1661,1423,2198,2147,5105,5097,29981,29982,29982,29983]} 1. e4 c5 2. d3 Nc6 3. f4 g6 4. Nf3 Bg7 5. Be2 d6 6. O-O e5 {B21: Sicilian: 2 f4 and Morra Gambit} (6... e6 7. c3 Nge7 8. Be3 b6 9. Nbd2 Bb7 10. a3 d5 11. Bf2 Qc7 12. e5 f6 13. d4 cxd4 14. cxd4 {1-0 (48) Kovalev,V (2639)-Demchenko,A (2660) Riadh 2017}) 7. c3 Nge7 {LiveBook: 9 Games} 8. Na3 h6 $146 {The position is equal.} ({Find the theoretical novelty and annotate with similar games:} 8... O-O 9. Be3 b6 10. Qe1 f6 11. Rd1 exf4 12. Bxf4 {1-0 (78) Salaun,Y (2323)-Fantinel,T (2300) France 2012}) 9. Qe1 exf4 10. Bxf4 g5 (10... Be6 $16) 11. Bg3 (11. Qg3 $1 $18) 11... Be6 (11... O-O $14) 12. Nb5 $16 Nc8 {[#]} (12... O-O $16) 13. d4 $1 $36 {[%cal Rd4d5][%mdl 2048] White is really pushing.} a6 14. d5 axb5 15. dxe6 fxe6 16. Nd2 {And now Bh5+ would win.} Ne5 $2 {[%mdl 8192]} (16... h5 $16 {keeps fighting.}) 17. Bxb5+ Ke7 18. Bxe5 Bxe5 19. Nc4 Rf8 20. Qe2 Bg7 {Now ...Na7 and Black clings on.} 21. Rfd1 Qc7 22. a4 Na7 23. Rac1 (23. Nxd6 Be5) ({White should play} 23. h4 $18) 23... Rad8 {[#]} (23... Nxb5 $16 {was worth a try.} 24. axb5 Be5) 24. Rc2 $2 (24. Qh5 $1 $18 {has better winning chances.}) 24... Nc8 $2 (24... Nxb5 $16 {is a better defense.} 25. axb5 Kf7) 25. Rcd2 Nb6 (25... Kf7 $142 26. Qg4 Qe7) 26. Rxd6 Rxd6 27. Rxd6 ({Don't take} 27. Nxd6 Be5 $18) 27... Nxc4 28. Rd7+ Qxd7 29. Bxd7 Nd6 30. Bb5 Be5 31. Bd3 Ra8 32. Bc2 c4 33. g3 Rc8 34. Qe3 Nf7 35. Kg2 Rc7 36. Bd1 Bd6 37. e5 Nxe5 38. Qe4 Kf6 39. a5 Bc5 {and the idea ...Rd7 leaves Black hopeful.} 40. Be2 Rd7 41. Kf1 b5 42. axb6 Bxb6 43. Bxc4 Rd2 44. Be2 Rxb2 45. Qh7 Be3 (45... Nf7 $142 46. Bh5 Rf2+ 47. Ke1 Ke7 48. Bxf7 Rxf7 49. Qxh6 Rf5) 46. Qxh6+ Ke7 {...Rb1+ is the strong threat.} 47. Qh7+ Kd6 48. Qe4 Bc5 $2 (48... Ba7 49. h4 gxh4 50. gxh4 Rb8) 49. h4 gxh4 50. gxh4 Rb3 51. Qc2 Rb8 52. h5 Rg8 {[%csl Gc5][%cal Rg8g1]} 53. Ke1 Rg1+ 54. Kd2 Nf7 55. Qe4 Rg5 56. Kc2 Re5 57. Qf4 Ke7 58. Qh4+ Kf8 59. Bd3 Be7 60. Qh2 Bd6 61. Bg6 Ra5 62. Qh4 Kg7 63. Qd4+ e5 64. Qg4 Ra7 65. Bxf7+ Kxf7 66. Qg6+ {Precision: White = 71%, Black = 31%.} 1-0